00304nam a2200109Ia 4500008004100000245006400041260003300105260000900138300000900147500001100156650002700167170224s9999 xx 000 0 und d aDisaster-Related Participant Tweet Identification using SVM bPhilippine Computing Journal c2014 aIX:1 aAugust xInformation Technology